书目信息 |
| 题名: |
黄河流域二元水循环要素反演研究
|
|
| 作者: | 王建华 , 江东 著 | |
| 分册: | ||
| 出版信息: | 北京 科学出版社 2006 |
|
| 页数: | 174页 | |
| 开本: | 26cm | |
| 丛书名: | 现代水资源丛书 | |
| 单 册: | ||
| 中图分类: | P339 | |
| 科图分类: | ||
| 主题词: | 黄河流域--水循环--研究 , 黄河流域 , 水循环 | |
| 电子资源: | ||
| ISBN: | 7-03-016590-X | |
| 000 | 01145oam2 2200313 450 | |
| 001 | 003092430 | |
| 005 | 20070805105754.67 | |
| 010 | @a7-03-016590-X@dCNY38.00 | |
| 035 | @a003092430 | |
| 100 | @a20060301d2006 kemy0chiy0110 ea | |
| 101 | 0 | @achi |
| 102 | @aCN@b110000 | |
| 105 | @aa z 000yy | |
| 106 | @ar | |
| 200 | 1 | @a黄河流域二元水循环要素反演研究@Ahuang he liu yu er yuan shui xun huan yao su fan yan yan jiu@f王建华,江东著@Fwang jian hua, jiang dong zhu |
| 210 | @a北京@c科学出版社@d2006 | |
| 215 | @a174页@c图@d26cm | |
| 225 | 2 | @a现代水资源丛书@Axian dai shui zi yuan cong shu |
| 300 | @a973课题“黄河流域水资源演变规律与二元演化模型(编号:G1999043602)”资助 | |
| 330 | @a本书在讨论人类活动对于流域水循环影响分析的基础上,针对流域水循环过程模拟的需要,全面综述了现代空间信息技术在流域水循环模拟中的应用情况。 | |
| 461 | 0 | @1001002170507@12001 @a现代水资源丛书 |
| 606 | 0 | @a黄河流域@x水循环@x研究 |
| 606 | 0 | @a黄河流域 |
| 606 | 0 | @a水循环 |
| 690 | @aP339@v4 | |
| 701 | 0 | @a王建华@Awang jian hua@c(水资源)@4著 |
| 701 | 0 | @a江东@Ajiang dong@c(地理)@4著 |
| 801 | 0 | @aCN@bNLC@c20070805 |
| 905 | @dP339@e99@f4 | |
| 黄河流域二元水循环要素反演研究/王建华,江东著.-北京:科学出版社,2006 |
| 174页:图;26cm.-(现代水资源丛书) |
| 973课题“黄河流域水资源演变规律与二元演化模型(编号:G1999043602)”资助 |
| ISBN 7-03-016590-X:CNY38.00 |
| 本书在讨论人类活动对于流域水循环影响分析的基础上,针对流域水循环过程模拟的需要,全面综述了现代空间信息技术在流域水循环模拟中的应用情况。 |
| ● |
| 相关链接 |
|
|
|
|
正题名:黄河流域二元水循环要素反演研究
索取号:P339/99
 
预约/预借
| 序号 | 登录号 | 条形码 | 馆藏地/架位号 | 状态 | 备注 |
| 1 | 0851944 | 208519441 | 第二样本阅览室/ [索取号:P339/99] | 在馆 | |
| 2 | 0851945 | 208519450 | 第三借阅区/ [索取号:P339/99] | 在馆 | |
| 3 | 0851946 | 208519469 | 第三借阅区/ [索取号:P339/99] | 在馆 | |
| 4 | 0851947 | 208519478 | 第三借阅区/ [索取号:P339/99] | 在馆 |